000 00979cam a22003257a 4500
003 CHAP
005 20220329142640.0
008 020802d1991 mx a r 00110 spa d
010 _a86036
011 _a87008
020 _a9688056847
035 _a97549
040 _cCHAP
082 0 4 _a327
_bG6
100 0 0 _aGuillén , Fedro.
_951380
245 1 0 _aFabela y su tiempo
_c/por Fedro Guillén
250 _a2 ed.
260 _aMéxico, D.F. :
_bComisión Nacional de Derechos Humanos,
_c1991.
300 _a113 p. :
_bilus.
500 _aColección: Clásicos.
590 _aBATCH-UPD
_b10
_c20130110
_lUCH01
_h1922
590 _aBATCH-UPD
_b10
_c20130410
_lUCH01
_h1248
590 _aBATCH-UPD
_b10
_c20130914
_lUCH01
_h2000
590 _aCONVERSION
_b10
_c20130109
_lUCH01
_h1348
650 1 4 _aRelaciones internacionales.
_995822
901 _aBK
905 _aMayto Villallobos S.
942 _cLIBRO
949 _a327 G6
_bBC
_cLIBRO
_d33724000849832
_eLIBRO
_h102644
_i97549
_sb
999 _c86036
_d86036